Wert und Kapitalprofit ; Neubegrundung der objektiven Wertlehre.

Bibliographic Details
Main Author: Oppenheimer, Franz, 1864-1943
Format: Book
Language:German
Published: Jena : G. Fischer, 1916.
Subjects:

MARC

Tag First Indicator Second Indicator Subfields
LEADER 00000cam a2200000 4500
001 in00000063377
005 20151008051742.0
008 761115s1916 gw 00000 ger
010 |a  74209671  
035 |a (OCoLC)02557297 
035 |9 AAG9781AM 
040 |a DLC  |c UCW  |d TXA  |d UtOrBLW 
049 |a TXAM  |c [239584] 
050 0 |a HB201  |b .O66 
092 |a 330.1  |b O62w 
100 1 |a Oppenheimer, Franz,  |d 1864-1943. 
245 1 0 |a Wert und Kapitalprofit ;  |b Neubegrundung der objektiven Wertlehre. 
264 1 |a Jena :  |b G. Fischer,  |c 1916. 
300 |a x, 229 pages ;  |c 24 cm. 
336 |a text  |b txt  |2 rdacontent 
337 |a unmediated  |b n  |2 rdamedia 
338 |a volume  |b nc  |2 rdacarrier 
504 |a Includes bibliographical references. 
650 0 |a Economics. 
999 |a MARS 
999 f f |s 387d5eee-a6b7-34b6-b788-dc1e98d00267  |i 72fd2cea-ba70-3d79-b6e0-e6268eed00ee  |t 0 
952 f f |p ric  |a Texas A&M University  |b Rellis Campus  |c Joint Library Facility  |d Remote Storage  |t 0  |e HB201 .O66  |h Library of Congress classification  |i unmediated -- volume  |m A14800691311 
998 f f |a HB201 .O66  |t 0  |l Remote Storage